UBT Library

The Defense Economic Adjustment Act : (Record no. 42993)

000 -LEADER
fixed length control field 00895cam a2200229 a 4500
001 - CONTROL NUMBER
control field 2838088
005 - DATE AND TIME OF LATEST TRANSACTION
control field 20180221034901.0
008 - FIXED-LENGTH DATA ELEMENTS--GENERAL INFORMATION
fixed length control field 830606s1983 dcua b f000 0 eng c
010 ## - LIBRARY OF CONGRESS CONTROL NUMBER
LC control number 83601477
040 ## - CATALOGING SOURCE
Original cataloging agency DGPO/DLC
Transcribing agency DLC
Modifying agency DLC
041 ## - LANGUAGE CODE
Language code of text/sound track or separate title eng
043 ## - GEOGRAPHIC AREA CODE
Geographic area code n-us---
080 ## - UNIVERSAL DECIMAL CLASSIFICATION NUMBER
Universal Decimal Classification number 343.730742 SEY
082 00 - DEWEY DECIMAL CLASSIFICATION NUMBER
Classification number 343.730742 SEY
-- 347.303742
Edition number 19
100 ## - Rafti
Rafti 52
101 ## - Shkurtesa
Shkurtesa ECO
245 14 - TITLE STATEMENT
Title The Defense Economic Adjustment Act :
504 ## - BIBLIOGRAPHY, ETC. NOTE
Bibliography, etc Includes bibliographical references.
530 ## - ADDITIONAL PHYSICAL FORM AVAILABLE NOTE
Additional physical form available note Also available in digital form on the Library of Congress Web site.
906 ## - LOCAL DATA ELEMENT F, LDF (RLIN)
a 7
b cbc
c orignew
d 2
e ncip
f 19
g y-gencatlg
942 ## - ADDED ENTRY ELEMENTS (KOHA)
Source of classification or shelving scheme
Item type Books
Holdings
Withdrawn status Lost status Source of classification or shelving scheme Damaged status Not for loan Collection code Permanent location Current location Shelving location Date acquired Total Checkouts Full call number Barcode Date last seen Price effective from Koha item type
          Koleksioni i përgjithshem UBT - Lipjan UBT - Lipjan Koleksioni i përgjithshem 02/21/2018   343.730742 SEY 002-2999929 02/21/2018 02/21/2018 Books
UBT Library © 2015-2024. All rights reserved University Education for Business and Technology